000 00740nam a2200289Ia 4500
005 20260324114330.0
008 008 260324s9999 xx 000 0 eng d
020 _a9781003323976
037 _aEBOOK
040 _aCRL
040 _beng
040 _cCRL
041 _2eng
041 _aeng
084 _qCRL
100 _aJeenat Aslam; Chandrabhan Verma; Chaudhery Mustansar Hussain; Ruby Aslam
_91150352
245 0 _aCarbon Allotropes
245 0 _bAdvanced Materials for Anticorrosive Coatings
260 _bTaylor and Francis
260 _c2023
365 _a
365 _b260
856 _uhttp://www.taylorfrancis.com/books/9781003323976
942 _cEBOOK
999 _c1740473
_d1740473